Liste des lieux de Pokémon - Statistiques

Statistiques générales
  • Ce quiz a été pris 100 fois
    62 depuis la dernière actualisation
  • Le résultat moyen est 244 sur 853
Statistiques - réponses
Région(s) Lieu % Correct
Kanto Bourg Palette
89%
Kanto, Unys, Kalos, Alola, Galar Route 1
89%
Kanto, Unys, Kalos, Alola, Galar Route 10
89%
Kanto, Unys, Kalos, Alola Route 11
89%
Kanto, Unys, Kalos, Alola Route 12
89%
Kanto, Unys, Kalos, Alola Route 14
89%
Kanto, Unys, Kalos, Alola Route 15
89%
Kanto, Unys, Kalos, Alola Route 16
89%
Kanto, Kalos, Alola Route 17
89%
Kanto, Unys, Kalos Route 18
89%
Unys, Kalos Route 19
89%
Kanto, Unys, Kalos, Alola, Galar Route 2
89%
Unys, Kalos Route 20
89%
Kalos Route 21
89%
Kanto, Unys, Kalos Route 22
89%
Kanto, Unys Route 23
89%
Kanto Route 24
89%
Kanto Route 25
89%
Kanto Route 26
89%
Kanto Route 27
89%
Kanto Route 28
89%
Johto Route 29
89%
Kanto, Unys, Kalos, Alola, Galar Route 3
89%
Johto Route 30
89%
Johto Route 31
89%
Johto Route 32
89%
Johto Route 33
89%
Johto Route 34
89%
Johto Route 35
89%
Johto Route 36
89%
Johto Route 37
89%
Johto Route 38
89%
Johto Route 39
89%
Kanto, Unys, Kalos, Alola, Galar Route 4
89%
Kanto, Unys, Kalos, Alola, Galar Route 5
89%
Kanto, Unys, Kalos, Alola, Galar Route 6
89%
Kanto, Unys, Kalos, Alola, Galar Route 7
89%
Kanto, Unys, Kalos, Alola, Galar Route 8
89%
Kanto, Unys, Kalos, Alola, Galar Route 9
89%
Kanto, Hoenn, Sinnoh, Unys, Kalos Route Victoire
89%
Kanto, Unys, Kalos, Alola Route 13
86%
Kanto Argenta
82%
Sinnoh Route 201
82%
Sinnoh Route 202
82%
Sinnoh Route 204
82%
Sinnoh Route 205
82%
Sinnoh Route 206
82%
Sinnoh Route 207
82%
Sinnoh Route 208
82%
Sinnoh Route 209
82%
Kanto Azuria
79%
Kanto Céladopole
79%
Hoenn Route 111
79%
Hoenn Route 112
79%
Hoenn Route 114
79%
Hoenn Route 115
79%
Hoenn Route 116
79%
Hoenn Route 117
79%
Hoenn Route 118
79%
Hoenn Route 119
79%
Hoenn Route 120
79%
Hoenn Route 121
79%
Hoenn Route 123
79%
Sinnoh Route 203
79%
Sinnoh Route 210
79%
Sinnoh Route 211
79%
Sinnoh Route 212
79%
Sinnoh Route 213
79%
Sinnoh Route 214
79%
Sinnoh Route 215
79%
Sinnoh Route 216
79%
Sinnoh Route 217
79%
Sinnoh Route 218
79%
Sinnoh Route 219
79%
Sinnoh Route 221
79%
Sinnoh Route 222
79%
Sinnoh Route 224
79%
Sinnoh Route 225
79%
Johto Route 42
79%
Johto Route 43
79%
Johto Route 44
79%
Johto Route 45
79%
Johto Route 46
79%
Johto Route 47
79%
Johto Route 48
79%
Kanto Carmin sur Mer
75%
Kanto Cramois'Île
75%
Kanto Jadielle
75%
Sinnoh, Unys, Kalos, Alola, Paldea Ligue Pokémon
75%
Hoenn Route 101
75%
Hoenn Route 102
75%
Hoenn Route 103
75%
Hoenn Route 104
75%
Hoenn Route 110
75%
Hoenn Route 113
75%
Sinnoh Route 227
75%
Sinnoh Route 228
75%
Sinnoh Route 229
75%
Hoenn Bourg-en-Vol
71%
Kanto Forêt de Jade
71%
Kanto Lavanville
71%
Kanto Safrania
71%
Johto Bourg Geon
68%
Sinnoh Charbourg
64%
Hoenn Chenal 122
64%
Hoenn Chenal 124
64%
Hoenn Chenal 126
64%
Hoenn Chenal 127
64%
Hoenn Chenal 128
64%
Hoenn Chenal 129
64%
Hoenn Chenal 130
64%
Hoenn Chenal 131
64%
Hoenn Chenal 132
64%
Hoenn Chenal 133
64%
Hoenn Chenal 134
64%
Sinnoh Chenal 223
64%
Sinnoh Féli-Cité
64%
Sinnoh Floraville
64%
Johto Mont Argenté
64%
Kanto, Johto, Hoenn Parc Safari
64%
Kanto Parmanie
64%
Kanto Plateau Indigo
64%
Unys Volucité
64%
Hoenn Algatia
61%
Kalos Bourg Croquis
61%
Hoenn Chenal 105
61%
Hoenn Chenal 106
61%
Hoenn Chenal 107
61%
Hoenn Chenal 108
61%
Hoenn Chenal 109
61%
Hoenn Chenal 125
61%
Sinnoh Chenal 226
61%
Sinnoh Chenal 230
61%
Sinnoh Frimapic
61%
Kalos Illumis
61%
Hoenn Lavandia
61%
Johto Mauville
61%
Sinnoh Mont Couronné
61%
Kanto Mont Sélénite
61%
Sinnoh Aire de Combat
57%
Hoenn Atalanopolis
57%
Kanto Chenal 20
57%
Kanto, Unys Chenal 21
57%
Sinnoh Chenal 220
57%
Johto Doublonville
57%
Sinnoh, Hisui Lac Vérité
57%
Hoenn Mérouville
57%
Hoenn Myokara
57%
Hoenn New Lavandia
57%
Unys Port Yoneuve
57%
Sinnoh Vestigion
57%
Sinnoh Aire de Détente
54%
Kanto Chenal 19
54%
Hoenn Cimetronelle
54%
Kanto Îles Écume
54%
Unys Janusia
54%
Sinnoh Joliberges
54%
Sinnoh, Hisui Lac Courage
54%
Sinnoh, Hisui Lac Savoir
54%
Johto Oliville
54%
Johto Tour Cendrée
54%
Sinnoh Verchamps
54%
Johto Ville Griotte
54%
Sinnoh Voilaroc
54%
Galar Winscor
54%
Johto Acajou
50%
Kalos Auffrac-les-Congères
50%
Kanto Caverne Azurée
50%
Sinnoh Célestia
50%
Unys Chenal 17
50%
Johto Chenal 40
50%
Johto Chenal 41
50%
Kalos Cromlac'h
50%
Hoenn Éternara
50%
Sinnoh Forêt de Vestigion
50%
Johto Irisia
50%
Galar Kickenham
50%
Unys Méanville
50%
Hoenn Nénucrique
50%
Unys Ogoesse
50%
Johto Puits Ramoloss
50%
Johto Tour Carillon
50%
Kanto Tour Pokémon
50%
Unys Ville Noire
50%
Sinnoh Aire de Survie
46%
Hoenn Clémenti-Ville
46%
Sinnoh, Hisui Colonnes Lances
46%
Johto Écorcia
46%
Alola Ekaeka
46%
Unys Forêt Blanche
46%
Unys Frégate Plasma
46%
Unys Grotte Cyclopéenne
46%
Sinnoh Île de Fer
46%
Johto Lac Colère
46%
Unys Maillard
46%
Alola Malié
46%
Hoenn Mont Mémoria
46%
Galar Motorby
46%
Kalos Neuvartault
46%
Galar Paddoxton
46%
Unys Papeloa
46%
Hoenn Poivressel
46%
Kalos Quarellis
46%
Kalos Relifac-le-Haut
46%
Sinnoh Rivamar
46%
Johto Rosalia
46%
Johto, Hoenn, Sinnoh, Galar Tour de Combat
46%
Unys Tour Dragospire
46%
Sinnoh Unionpolis
46%
Hoenn Vermilava
46%
Johto, Hoenn, Sinnoh Zone de Combat
46%
Paldea Zone Zéro
46%
Hoenn Bois Clémenti
43%
Sinnoh Bonaugure
43%
Johto Ébènelle
43%
Unys Flocombe
43%
Kalos Fort-Vanitas
43%
Kalos Grotte Coda
43%
Hoenn Grotte Origine
43%
Îles Sevii Île 1
43%
Îles Sevii Île 2
43%
Îles Sevii Île 3
43%
Îles Sevii Île 4
43%
Îles Sevii Île 5
43%
Îles Sevii Île 6
43%
Hoenn Mont Chimnée
43%
Unys Mont Foré
43%
Unys Ondes-sur-Mer
43%
Kalos Port Tempères
43%
Unys Renouet
43%
Unys Rotombourg
43%
Hoenn Site Météore
43%
Unys Vaguelone
43%
Sinnoh Vieux Château
43%
Unys Amaillide
39%
Johto Antre Noir
39%
Hoenn Caverne Fondmer
39%
Unys Entrelasque
39%
Galar Forêt de Sleepwood
39%
Unys Grotte Électrolithe
39%
Hoenn Grotte Granite
39%
Kanto Grotte Sombre
39%
Kanto Grotte Taupiqueur
39%
Îles Sevii Île 7
39%
Hoenn Île Mirage
39%
Sinnoh Littorella
39%
Paldea Mesaledo
39%
Sinnoh Mine de Charbourg
39%
Sinnoh Monde Distorsion
39%
Alola Mont Lanakila
39%
Hoenn Pacifiville
39%
Kanto, Sinnoh Parc des Amis
39%
Unys Parsemille
39%
Johto Phare
39%
Unys Pont Sagiciel
39%
Kalos Roche-sur-Gliffe
39%
Kalos Romant-sous-Bois
39%
Hoenn Rosyères
39%
Hisui Rusti-Cité
39%
Johto Tour Chétiflor
39%
Hoenn Tunnel Mérazon
39%
Johto, Hoenn, Sinnoh Usine de Combat
39%
Alola Village Flottant
39%
Unys Arabelle
36%
Alola Arbre de Combat
36%
Hoenn Autéquia
36%
Johto Bois aux Chênes
36%
Unys Château Enfoui
36%
Kanto Chutes Tohjo
36%
Galar Corrifey
36%
Unys Égouts de Volucité
36%
Kalos Flusselles
36%
Hoenn Lavandia Sea
36%
Paldea Levalendura
36%
Kanto, Sinnoh Manoir Pokémon
36%
Sinnoh Mont Abrupt
36%
Kalos Mozheim
36%
Galar Old Chister
36%
Kanto, Hoenn, Sinnoh Piste cyclable
36%
Kanto, Johto Repaire Rocket
36%
Galar Smashings
36%
Sinnoh, Hisui Temple de Frimapic
36%
Johto Tourb'Îles
36%
Johto Tour Radio de Doublonville
36%
Kalos Yantreizh
36%
Unys Aquatube
32%
Unys Arpentières
32%
Hoenn Atoll de Combat
32%
Sinnoh Bonville
32%
Galar Brasswick
32%
Johto Caves Jumelles
32%
Unys Désert Délassant
32%
Sinnoh Grand Marais
32%
Îles Sevii Grotte de Glace
32%
Kalos Grotte Miroitante
32%
Sinnoh Île Pleine Lune
32%
Kalos La Frescale
32%
Alola Lili'i
32%
Galar Ludester
32%
Galar Mine de Galar
32%
Galar Mine de Galar n° 2
32%
Unys Palais de N
32%
Alola Paradis Æther
32%
Unys Pavonnay
32%
Unys Pont Yoneuve
32%
Sinnoh Rive du Lac Savoir
32%
Galar Skifford
32%
Kanto Sylphe SARL
32%
Unys Tour des Cieux
32%
Hoenn Vergazon
32%
Kalos Village Pokémon
32%
Alola Village Toko
32%
Paldea Alforneira
29%
Johto Antre du Dragon
29%
Alola Autel de la Lune
29%
Alola Autel du Soleil
29%
Unys Bois des Illusions
29%
Hoenn Centre Météo
29%
Hoenn Centre Spatial d'Algatia
29%
Hoenn Chemin Ardent
29%
Paldea Cuencia
29%
Unys Forêt d'Empoigne
29%
Kalos Forêt de Neuvartault
29%
Sinnoh Forge Fuego
29%
Alola Grand Canyon de Poni
29%
Galar Greenbury
29%
Hoenn Grotte Mirage
29%
Alola Ho'ohale
29%
Alola Jungle Sombrefeuille
29%
Alola Kokohio
29%
Alola Konikoni
29%
Unys Labo P2
29%
Paldea Mezclamora
29%
Kalos Palais Chaydeuvre
29%
Sinnoh Parc Éolien
29%
Hoenn Pilier Céleste
29%
Hoenn Planque Aqua
29%
Hoenn Planque Magma
29%
Unys Pokémon World Tournament
29%
Unys Pokéwood
29%
Unys Pont du Hameau
29%
Hoenn Pyramide de Combat
29%
Unys Ranch d'Amaillide
29%
Hoenn Reptile de Combat
29%
Sinnoh Rive du Lac Vérité
29%
Sinnoh, Hisui Ruines de Bonville
29%
Johto Ruines Sinjoh
29%
Alola Tunnel Taupiqueur
29%
Alola Ultra-Mégalopole
29%
Paldea Zone Est n° 1
29%
Paldea Zone Est n° 2
29%
Paldea Zone Est n° 3
29%
Paldea Zone Nord n° 1
29%
Paldea Zone Nord n° 2
29%
Paldea Zone Nord n° 3
29%
Paldea Zone Ouest n° 1
29%
Paldea Zone Ouest n° 2
29%
Paldea Zone Ouest n° 3
29%
Paldea Zone Sud n° 1
29%
Paldea Zone Sud n° 2
29%
Paldea Zone Sud n° 3
29%
Paldea Zone Sud n° 4
29%
Paldea Zone Sud n° 5
29%
Unys Autel Abondance
25%
Alola Caverne Coda
25%
Hisui Contrefort Couronné
25%
Hoenn Dôme de Combat
25%
Galar Forêt de Lumirinth
25%
Paldea Frigao
25%
Sinnoh, Hisui Grotte du Retour
25%
Kalos Grotte Inconnue
25%
Hoenn Île du Sud
25%
Unys Île Liberté
25%
Alola Île Noadkoko
25%
Sinnoh Île Nouvellune
25%
Paldea Jarramanca
25%
Kanto L'Océane
25%
Hisui Marais Carmin
25%
Unys Métro de Combat
25%
Alola Mont Ardent
25%
Johto Mont Creuset
25%
Hoenn Mont Mirage
25%
Paldea Mont Nappé
25%
Unys Mont Renenvers
25%
Alola Ohana
25%
Sinnoh Paradis Fleuri
25%
Alola Parc de Malié
25%
Johto Parc Naturel
25%
Sinnoh Rive du Lac Courage
25%
Johto Route de Glace
25%
Hoenn Sentier Sinuroc
25%
Galar Terres Sauvages
25%
Galar Tour de l'Eau
25%
Galar Tour des Ténèbres
25%
Kalos Tour Maîtrise
25%
Alola Ultra-Dimension
25%
Kalos Usine de Poké Balls
25%
Unys Veine Souterraine
25%
Unys Vestiges du Rêve
25%
Paldea Zone Sud n° 6
25%
Kalos Antre Néréen
21%
Unys Baie Vaguelone
21%
Kalos Batisques
21%
Kalos Centrale de Kalos
21%
Unys Chemin Enfoui
21%
Alola Colline Clapotis
21%
Galar Dojo de la Maîtrise
21%
Hoenn Grotte Tréfonds
21%
Alola Grotte Verdoyante
21%
Hoenn Grotte Zénith
21%
Unys Hangar Frigorifique
21%
Unys Heylink
21%
Paldea Lac Asrol
21%
Galar Lac Coupenotte Est
21%
Galar Lac Coupenotte Ouest
21%
Alola Parc Volcanique
21%
Hisui Plaines Obsidiennes
21%
Unys Pont de l'Inconnu
21%
Unys Pont Ferroviaire
21%
Alola Ranch Ohana
21%
Johto Ruines d'Alpha
21%
Unys Tourbière Flocombe
21%
Kalos Tour Prismatique
21%
Alola Ultra-Brèche
21%
Alola Ultra-Jungle
21%
Unys Z.I. d'Ondes-sur-Mer
21%
Îles Sevii Agualcanal
18%
Kanto, Johto Aquaria
18%
Kalos Baie Azur
18%
Kanto Centrale abandonnée
18%
Kalos Château de Combat
18%
Sinnoh, Hisui Chemin de la Source
18%
Alola Cimetière d'Ekaeka
18%
Hisui Côte Lazuli
18%
Paldea Cratère de Paldea
18%
Paldea Cuchalaga
18%
Hoenn Dojo de Combat
18%
Sinnoh Entrée de Charbourg
18%
Alola Forêt de Poni
18%
Hoenn Forêt Mirage
18%
Unys Galerie Concorde
18%
Johto Grotte Argentée
18%
Sinnoh Grotte des Égarés
18%
Johto Grotte Falaise
18%
Unys Grotte Parsemille
18%
Îles Sevii Grotte Perdue
18%
Septentria Jaderaude
18%
Alola Jardin de Mele-Mele
18%
Alola Jardin de Poni
18%
Kalos Labos Lysandre
18%
Galar Lac Milobellus Nord
18%
Galar Lac Milobellus Sud
18%
Hoenn, Kalos Maison de Combat
18%
Hoenn Maison des Pièges
18%
Unys Manoir de l'Étrange
18%
Îles Sevii Mont Braise
18%
Septentria Mont Strueux
18%
Hoenn Palace de Combat
18%
Sinnoh Parc Rosa Rugosa
18%
Alola Plaine de Poni
18%
Paldea Plato Real
18%
Johto Portail Safari
18%
Îles Sevii Roc Nombri
18%
Alola Ruines du Conflit
18%
Johto, Sinnoh Scène de Combat
18%
Hisui Terres Immaculées
18%
Alola Ultra-Désert
18%
Unys Zone Côtière
18%
Unys Zone Polaire
18%
Paldea Abîme Zéro
14%
Paldea Académie Raisin
14%
Unys Antre d'Entraînement
14%
Îles Sevii Bois Baies
14%
Johto, Sinnoh Castel de Combat
14%
Hoenn Champ Fleuri Secret
14%
Paldea Forêt Toastée
14%
Paldea Grotte d'Alforneira
14%
Kalos Grotte Étincelante
14%
Hoenn Grotte Oubliée
14%
Alola Grotte Verlamer
14%
Hisui Hameau Diamant
14%
Galar Hameau Gelé
14%
Hisui Hameau Oublié
14%
Hisui Hameau Perle
14%
Îles Sevii Île Aurore
14%
Hoenn Îlot Secret
14%
Alola Jardin d'Ula-Ula
14%
Septentria Lac Cristallin
14%
Galar Lac Ouragan
14%
Alola Manoir Chelou
14%
Alola Mont Hokulani
14%
Septentria Parc Adorami
14%
Paldea Pinchoria
14%
Alola Place Festival
14%
Hoenn Plage Secrète
14%
Johto Portail Falaise
14%
Paldea Porto Marinada
14%
Alola Récif de Poni
14%
Unys Réserve Naturelle
14%
Unys Route Bardane
14%
Alola Ruines de l'Éveil
14%
Unys Ruines Enfouies
14%
Îles Sevii Ruines Tanoby
14%
Paldea Sevaro
14%
Sinnoh Source des Adieux
14%
Sinnoh Square Paisible
14%
Galar Stade de Winscor
14%
Hoenn Tombeau Antique
14%
Îles Sevii Tour Dresseurs
14%
Galar Tour en ruines
14%
Hoenn Tour Mirage
14%
Unys Tour Union
14%
Alola Ultra-Centrale
14%
Alola Ultra-Forêt
14%
Unys Zone Savane
14%
Alola Abords d'Ekaeka
11%
Galar Abords de Motorby
11%
Paldea Académie Orange
11%
Alola Baie de Kala'e
11%
Paldea Bosquet Tagué
11%
Îles Sevii Camp de Vacances
11%
Îles Sevii Cap Falaise
11%
Kalos Cave Connecterre
11%
Kalos Caverne Gelée
11%
Sinnoh Centre Galaxie de Vestigion
11%
Sinnoh Centre Galaxie de Voilaroc
11%
Îles Sevii Chambres Tanoby
11%
Alola Chemin du Défi
11%
Îles Sevii Chemin Vert
11%
Galar Cimetière Ancien
11%
Alola Club Hano-Hano
11%
Alola Côte de Poni
11%
Alola Côte Reculée d'Akala
11%
Alola Côte Sauvage
11%
Paldea Désert Rôtissable
11%
Hoenn Épave
11%
Hoenn Fond marin
11%
Îles Sevii Forbuissons
11%
Galar Grand Antre Dynamax
11%
Unys Gratte-Ciel Noir
11%
Sinnoh Grotte du Ruinophile
11%
Hoenn, Îles Sevii Grotte Métamo
11%
Sinnoh Hangar Galaxie
11%
Kalos Hôtel Désolation
11%
Hisui Île Crache-Feu
11%
Unys Institut Myrtille
11%
Unys Laboratoire Fret
11%
Îles Sevii Labyrinthe d'O
11%
Alola Lac du Halo Lunaire
11%
Alola Lac du Halo Solaire
11%
Îles Sevii Mémorial
11%
Paldea Mer de l'Est de Paldea
11%
Paldea Mer de l'Ouest de Paldea
11%
Paldea Mer du Nord de Paldea
11%
Paldea Mer du Sud de Paldea
11%
Hisui Mont des Capumain
11%
Îles Sevii Plage Trésor
11%
Galar Plateau de Kickenham
11%
Îles Sevii Pont du Lien
11%
Alola Prairie de Poni
11%
Kalos Repaire Team Flare
11%
Paldea Route de Cuchalaga
11%
Îles Sevii Route Tison
11%
Alola Rue du Dôme Royal
11%
Alola Ruines de l'Au-Delà
11%
Alola Ruines de l'Essor
11%
Unys Ruines des Abysses
11%
Hoenn Ruines Désert
11%
Hoenn Sanctuaire
11%
Galar Temple Couronne
11%
Sinnoh Tour Perdue
11%
Paldea Tunnel Mezcla-Pincho
11%
Alola Ultra-Abysses
11%
Alola Ultra-Gratte-Ciel
11%
Îles Sevii Vallée Ruine
11%
Unys Zone Canyon
11%
Alola Ancien site Bradley Prix
7%
Unys Arbre Creux Blanc
7%
Hisui Arche Poissigrand
7%
Hisui Arène de la Lune
7%
Hisui Arène du Grand Arbre
7%
Hisui Arène Ursa
7%
Hisui Bivouac du Marais
7%
Galar Bois de Clairjour
7%
Galar Butte du Dynarbre
7%
Îles Sevii Canyon Sesor
7%
Unys Caverne Électrolithe
7%
Galar Caverne Pugnacité
7%
Kalos Chambre Néant
7%
Kalos, Alola Champ de Baies
7%
Alola Château Rocket
7%
Îles Sevii Clé Tanoby
7%
Galar Coiffe du Géant
7%
Alola Colline Dicarat
7%
Alola Colline Memento
7%
Septentria Coteau Pommes
7%
Unys Dédale des Torches
7%
Alola Désert Haina
7%
Galar Empreinte du Géant
7%
Îles Sevii Entrée Canyon
7%
Hisui Falaise Calade
7%
Hisui Forêt des Égarés
7%
Hoenn Forêt Impénétrable
7%
Kanto GO Park
7%
Hoenn Gouffre Informe
7%
Hoenn Grand Ciel
7%
Sinnoh Grands Souterrains
7%
Unys Grand Stade
7%
Hoenn Grotte Atelier
7%
Hoenn Grotte de l'Îlot
7%
Galar Grotte du Lac
7%
Galar Grotte du Pugilat
7%
Hoenn Grotte Évanescente
7%
Unys Grotte Littorale
7%
Hisui Grotte Préhistorique
7%
Hoenn Grotte Terra
7%
Hoenn Île de l'Arc
7%
Îles Sevii Île du Lointain
7%
Hoenn Île Lointaine
7%
Hisui Île Rosa Rugosa
7%
Galar Îlot Calméole
7%
Galar Lac Poké Ball
7%
Galar Lande Boldair
7%
Hisui Lande Herbacoton
7%
Hoenn Le Marina
7%
Unys L'Étoile d'Unys
7%
Hisui Main de Sable
7%
Hisui Marais Carlate
7%
Galar Mer Calméole
7%
Alola Mer de Mele-Mele
7%
Galar Miroir du Géant
7%
Hoenn Mont Dresseurs
7%
Hoenn Nuages noirs
7%
Alola Observatoire
7%
Galar Œil du Lac
7%
Sinnoh Passage Marin
7%
Unys Petit Terrain
7%
Alola Plage Big Wave
7%
Alola Plage de Poni
7%
Alola Plage d'Ho'ohale
7%
Alola Plage d'Ula-Ula
7%
Alola Plage Hano-Hano
7%
Hisui Plage Premiépas
7%
Alola Plaine des Pikachu
7%
Hoenn Plaine Sans Nom
7%
Galar Plaine Verdoyante
7%
Hisui Plateau Cer-Mont
7%
Galar Prairie Entre-Ponts
7%
Sinnoh Pré de Floraville
7%
Galar Repos du Géant
7%
Hisui Ruines Brumeuses
7%
Galar Ruines de Fer
7%
Galar Ruines du Choix
7%
Galar Sables de Kudsac
7%
Kalos Safari des Amis
7%
Sinnoh, Hisui Salle Originelle
7%
Galar Sentier de la Gare
7%
Alola Sentier de Mahalo
7%
Galar Siège du Géant
7%
Unys Terra-Dôme
7%
Septentria Terres Vierges de Septentria
7%
Kanto, Johto Train Magnétique
7%
Îles Sevii Trou Percé
7%
Hisui Tunnel de Fer
7%
Alola Vieille Route
7%
Hisui Ancienne Carrière
4%
Septentria Antre Interdit
4%
Johto, Sinnoh Arcade de Combat
4%
Hisui Arène de la Lave
4%
Hisui Arène de l'Iceberg
4%
Hisui Arène du Théâtre
4%
Johto Atrium Combat
4%
Hisui Autel de la Caldeira
4%
Hisui Baie Sérénité
4%
Galar Berges de Motorby
4%
Hisui Bivouac Côtier
4%
Hisui Bivouac du Glacier
4%
Hisui Bivouac du Plateau
4%
Hisui Bocage Agité
4%
Hisui Bois Brise-Vent
4%
Unys Bois du Serment
4%
Sinnoh Café Combat
4%
Hisui Cap du Voile
4%
Alola Cap Passiloin
4%
Sinnoh Caverne Courage
4%
Paldea Caverne de la Crique
4%
Sinnoh Caverne de la Nuit Étoilée
4%
Unys Caverne des Esprits
4%
Sinnoh Caverne du Glacier
4%
Sinnoh Caverne du Marais Sans Fond
4%
Sinnoh Caverne du Miroir d'Eau
4%
Sinnoh Caverne du Piton
4%
Sinnoh Caverne Ensoleillée
4%
Sinnoh Caverne Savoir
4%
Galar Cavernes Gronde-Mer
4%
Sinnoh Caverne Typhlosion
4%
Sinnoh Caverne Vérité
4%
Hisui Cellier Champêtre
4%
Hisui Champ Bourdonne
4%
Hisui Champ Flora
4%
Îles Sevii Chemin Île 3
4%
Sinnoh Chemin Rocheux
4%
Hisui Chute d'Obsidienne
4%
Hisui Chute d'Oglacé
4%
Kanto Club des Dresseurs
4%
Hisui Colline Ambition
4%
Hisui Col Mer-de-Nuages
4%
Hisui Col Pierlevé
4%
Hisui Coteau du Passage
4%
Hisui Creux du Cap
4%
Hisui Crique Paisible
4%
Galar Croisée Trois-Voies
4%
Hisui Digue de l'Estuaire
4%
Johto Dôme Pokéathlon
4%
Alola Dôme Royal
4%
Johto Doublon-Tunnel
4%
Îles Sevii Entrepôt Rocket
4%
Hisui Étendue Polaire
4%
Hoenn Faille Spatio-Temporelle
4%
Galar Forêt Flexion
4%
Hisui Forêt Lointaine
4%
Septentria Forêt Ternelle
4%
Galar Fosse des Sables
4%
Galar Galeries Monte-Pic
4%
Hisui Glacier Séracrawl
4%
Sinnoh Global Trade Station
4%
Septentria Gorge de la Corne
4%
Alola Grotte de la Plage
4%
Sinnoh Grotte de la Prairie
4%
Sinnoh Grotte de la Rivière
4%
Sinnoh Grotte des Eaux Souterraines
4%
Sinnoh Grotte des Rochers
4%
Sinnoh Grotte des Sables Ardents
4%
Sinnoh Grotte des Stalactites
4%
Septentria Grotte Douche Froide
4%
Sinnoh Grotte du Blizzard
4%
Sinnoh Grotte du Magma
4%
Sinnoh Grotte du Marécage
4%
Sinnoh Grotte Éblouissante
4%
Hoenn Grotte Marine
4%
Hisui Grotte Secrète
4%
Sinnoh Grotte Spacieuse
4%
Septentria Gueule du Monstre
4%
Hisui Hauts de l'Humilité
4%
Hisui Havre des Algues
4%
Hisui Île de l'Épreuve
4%
Galar Lagune Circulaire
4%
Hisui Lagune des Bains
4%
Septentria Lande de la Quiétude
4%
Hisui Lisière du Hameau
4%
Hisui Marais Bouchebée
4%
Galar Mer Align'Îlots
4%
Galar Mer Banquise
4%
Galar Mer Eau-Hisse
4%
Galar Mer Isol'Îlots
4%
Hisui Mont des Gringoles
4%
Hisui Parvis des Prières
4%
Hisui Passage des Marées
4%
Hisui Passage des Nuages
4%
Hisui Pente de l'Avalanche
4%
Hisui Pente des Gringoles
4%
Galar Pente Enneigée
4%
Unys Phare de la Liberté
4%
Kanto Piste Pokémon
4%
Galar Plage de l'Épreuve
4%
Hisui Plage de l'Errance
4%
Hisui Plage Ginkgo
4%
Hisui Plage Long-des-Îles
4%
Galar Plaine des Efforts
4%
Septentria Plaine des Glycines
4%
Hisui Plaine d'Or
4%
Galar Plaine Granfroy
4%
Hisui Plaine Littorella
4%
Galar Plaine Rocheuse
4%
Galar Plaine Salutation
4%
Galar Plateau Beau-Gant
4%
Hisui Plateau Tourbeux
4%
Alola Poké Loisir
4%
Hisui Pont Rocheux
4%
Hisui Porte de Pierre
4%
Îles Sevii Port Île 3
4%
Unys Poste Canyon
4%
Unys Poste Central
4%
Unys Poste Côtier
4%
Unys Poste Polaire
4%
Unys Poste Savane
4%
Îles Sevii Pré de l'Île 5
4%
Hisui Presqu'île Tombolo
4%
Paldea Repaire du Groupe Caph
4%
Paldea Repaire du Groupe Ruchbah
4%
Paldea Repaire du Groupe Schedar
4%
Paldea Repaire du Groupe Segin
4%
Paldea Repaire du Groupe Tsih
4%
Hisui Rive des Revenants
4%
Hisui Rive Filevent
4%
Septentria Rives du Confluent
4%
Hisui Rocher Esprit
4%
Galar Route de l'Épreuve
4%
Septentria Route de Septentria
4%
Galar Ruines Iceberg
4%
Galar Ruines Pic Roche
4%
Galar Sentier Blanche-Cime
4%
Hisui Sentier Céleste
4%
Hisui Sentier Cer-Mont
4%
Septentria Sentier de la Liesse
4%
Hisui Sentier de l'Arène
4%
Hisui Sentier des Pèlerins
4%
Septentria Septemplion
4%
Galar Shehroz Tower
4%
Hisui Siège Groupe Galaxie
4%
Galar Sommet de la tour
4%
Hisui Source Féérique
4%
HIsui Source Panora-Neige
4%
Hisui Source Reculée
4%
Kanto Souterrain Azuria - Carmin sur Mer
4%
Kanto Souterrain Lavanville - Céladopole
4%
Hisui Temple Céleste
4%
Hisui Terrasse du Glacier
4%
Johto Tour Enfouie
4%
Unys Trouée Cachée
4%
Galar Tunnel de la Route 9
4%
Alola Tunnel Perce-Mont
4%
Alola Ultra-Dimension Zéro
4%
Alola Ultra-Vallée
4%
Hisui Val Ferrache
4%
Septentria Val Infernal
4%
Hisui Vallée Enneigée
4%
Hisui Voie de Glace
4%
Galar Voie des Étirements
4%
Hoenn Voie du Désert
4%
Hisui Aire d'Initiation
0%
Hoenn, Sinnoh Base Secrète
0%
Hisui Bivouac Contrefort
0%
Hisui Bivouac de la Friche
0%
Hisui Bivouac des Cimes
0%
Hisui Bivouac des Montagnes
0%
Hisui Bivouac des Neiges
0%
Hisui Bivouac des Plages
0%
Hisui Bivouac des Plaines
0%
Unys Club de la Ligue
0%
Hoenn, Unys, Kalos Club des Épreuves
0%
Hisui Distorsion Spatio-Temporelle
0%
Hisui Dojo de Rusti-Cité
0%
Sinnoh Jardin Trophée
0%
Sinnoh Parc des Combats
0%
Galar Salle du réacteur
0%
Paldea Sanctuaire du Bois Mourant
0%
Paldea Sanctuaire du Feu Ravageur
0%
Paldea Sanctuaire du Froid Cruel
0%
Paldea Sanctuaire du Sol Corrompu
0%
Sinnoh Souterrain de Sinnoh
0%
Johto, Sinnoh Square Wi-Fi
0%
Johto, Sinnoh, Unys Terminal Mondial
0%
Aucun quiz correspondant
Distribution des résultats
% des personnes avec chaque résultat
Percentile par nombre de réponses
Votre historique - résultats
Vous n’avez pas pris ce quiz depuis la dernière actualisation